[Event "V Copa Marcel Duchamp 2022"]
[Site "Montevideo"]
[Date "2022.02.18"]
[Round "8.7"]
[White "Vazquez, Facundo"]
[Black "Santiago, Yago De Moura"]
[Result "1/2-1/2"]
[WhiteElo "2319"]
[BlackElo "2494"]
[Annotator "TA"]
[PlyCount "188"]
[EventDate "2022.02.12"]
[EventCountry "URU"]
[SourceTitle "playchess.com"]
[Source "ChessBase"]
[SourceQuality "1"]

{[%evp 14,188,27,19,19,32,27,37,38,33,27,27,44,29,25,31,56,6,80,98,127,120,112,95,141,139,191,187,195,190,236,190,193,169,238,164,182,127,120,121,127,92,110,76,124,132,121,123,133,125,131,19,17,17,17,17,65,65,74,0,0,0,0,0,0,0,0,0,0,0,0,0,0,0,0,0,0,0,0,0,0,0,0,0,0,0,0,0,0,0,0,0,0,0,0,0,0,0,0,0,0,0,0,0,0,0,0,0,0,0,0,0,0,0,0,0,0,0,0,0,0,0,0,0,0,0,0,0,0,0,0,0,0,0,0,0,0,0,0,0,0,0,0,0,0,0,0,0,0,0,0,0,0,0,0,0,0,0,0,0,0,0,0,0,0,0,0,0,0,0,0,0,0,0,0,0,0]} 1. d4 Nf6 2. c4 g6 3. Nc3 d5 4. Nf3 Bg7 5. Qb3 dxc4 6. Qxc4 O-O 7. e4 Nc6 8. Be2 e5 $1 {[%cal Re5d4][%mdl 4] is now more promising than 8...Bg4. D97: Grünfeld: Russian System: 7 e4, replies other than 7...Bg4.} 9. d5 ({Inferior is} 9. Nxe5 Nxd4 10. O-O Nxe4 $1 {[%mdl 512]} 11. Nxe4 Be6 $17) 9... Nd4 10. Nxd4 exd4 {White is slightly better.} 11. Qxd4 c6 $1 {[%cal Of6d5]} 12. Qc4 b5 13. Qxc6 Bd7 14. Qd6 Re8 $1 15. O-O (15. f3 $14) 15... Bf8 {[#]} (15... Nxe4 $11 16. Nxe4 Rxe4) 16. Qa6 $1 $16 ({Much weaker is} 16. Qf4 b4 17. Nd1 Nxe4 $11) 16... b4 {[#]} 17. Bg5 $1 {[%cal Bc1g5,Bg5h4,Bh4g3][%mdl 32]} Bg7 {[#]} 18. Na4 $146 {And now Nc5 would win.} ({Predecessor:} 18. Nb5 Rxe4 19. Bf3 Re5 20. Bh4 g5 21. Bg3 g4 22. Bxe5 gxf3 23. Qb7 Ne4 24. Bf4 Bxb5 25. Qxb5 {1-0 (40) Papasimakopoulos,V (2103)-Berketis,A (1766) Nikaia 2021}) 18... Bxa4 (18... Rxe4 $142 19. Nc5 Re5 20. Bxf6 Bxf6) 19. Qxa4 Rxe4 (19... h6 $16) 20. Bf3 $18 Re5 21. Bh4 Rf5 (21... Qe8 {was necessary.} 22. Qxb4 Rb8) 22. Qxb4 g5 23. Bg3 {To avoid Rb8} h5 (23... g4 {might work better.}) 24. h4 {Strongly threatening hxg5.} g4 25. Bd1 (25. Be2 $18) 25... a5 $16 26. Qa4 Rxd5 27. Bc2 Rd4 28. Qb5 {aiming for Rfd1.} Rc8 (28... Qd5 $142 29. Qxd5 Nxd5) 29. Bb3 {White is more active.} a4 30. Bxa4 {Black must now prevent Rac1. This bishop pair is nice.} Ne4 31. Bb3 Rc5 32. Qb8 (32. Qb7 $16 {Threatens to win with Rae1.} Qd7 33. Qa6) 32... Nxg3 $11 33. Qxd8+ ({But not} 33. Qxg3 $6 Rf5 $16) 33... Rxd8 34. fxg3 Bxb2 (34... Rd7 $1 $11) 35. Bxf7+ Kg7 36. Rae1 (36. Rab1 $16 Be5 37. Rb7) 36... Be5 {The position is equal.} 37. Bxh5 Bd4+ {[%mdl 64] Discovered Attack} 38. Kh2 Rxh5 39. Re4 Rd7 40. Rxg4+ Kh7 41. Rd1 Rhd5 42. a4 Bg7 43. Rxd5 Rxd5 {[%mdl 4096] Endgame KRB-KR} 44. Rb4 Rd3 45. Re4 Bd4 46. Kh3 Bc5 47. Rc4 Bd6 48. Rg4 Ra3 49. Kh2 Bc7 50. Kh3 Bd6 51. Kh2 Kh6 52. Kh3 Bc7 53. Kh2 Rd3 54. Kh3 Ba5 55. Re4 Kg6 56. Rg4+ Kh7 57. Re4 Kg8 58. Rg4+ Kf7 59. Rf4+ Ke6 60. Rf3 Rd1 61. Kg4 Ra1 62. Rf4 Ra3 63. Kh3 Bc7 64. Rg4 Kf6 65. Kh2 Bd6 66. Kh3 Be5 67. Kh2 Ra1 68. Re4 Kf5 69. Re3 Bc7 70. Rc3 Bd6 71. Rd3 Be5 72. Re3 Rxa4 73. Kh3 Ra1 {[%cal Ra1h1]} 74. Rf3+ Kg6 75. Rb3 Rd1 76. Rf3 Rc1 77. Kg4 Rc4+ 78. Kh3 Rc2 79. Rf1 Bc7 80. Rf3 Bb8 81. Rb3 Be5 82. Rf3 Re2 83. Rf1 Bd6 84. Rf3 Rd2 85. Rf1 Bb8 86. Rf3 Ba7 87. Ra3 {Hoping for Ra6+.} Bc5 88. Rf3 Bd4 89. Rf4 Rd1 90. Kg4 Be5 91. Rf3 Rh1 92. Rb3 Bd4 93. Rd3 Bf6 94. Rf3 Be5 {White really could win this.  Weighted Error Value: White=0.13 (very precise) /Black=0.11 (very precise)} 1/2-1/2

[Event "V Copa Marcel Duchamp 2022"]
[Site "Montevideo"]
[Date "2022.02.18"]
[Round "8.8"]
[White "Spata, German"]
[Black "Perdomo, Leandro"]
[Result "1/2-1/2"]
[WhiteElo "2300"]
[BlackElo "2447"]
[Annotator "TA"]
[PlyCount "36"]
[EventDate "2022.02.12"]
[EventCountry "URU"]
[SourceTitle "playchess.com"]
[Source "ChessBase"]
[SourceQuality "1"]

{[%evp 16,21,56,57,64,46,54,48]} 1. d4 Nf6 2. c4 g6 3. Nc3 Bg7 4. e4 d6 5. Nf3 O-O 6. Be2 e5 7. Be3 c6 8. d5 {The main line 8.d5 scores better than 8.0-0.} Ng4 9. Bg5 {White is slightly better.} f6 {E92: King's Indian: Classical: 6 Be2 e5: 7 dxe5, 7 Be3 and Petrosian System without 7...Nbd7.} 10. Bc1 f5 11. exf5 {[#]  Weighted Error Value: White=0.07 (flawless) /Black=0.00 (flawless)} {Predecessor:} gxf5 $146 12. O-O Na6 13. Rb1 c5 14. Ng5 Nf6 15. f3 Nc7 16. a3 Nh5 17. Nh3 f4 18. Nf2 a5 {1-0 (46) Del Rio de Angelis,S (2525)-Sanchez Aller,F (2345) Linares 2018} 1/2-1/2

[Event "V Copa Marcel Duchamp 2022"]
[Site "Montevideo"]
[Date "2022.02.18"]
[Round "8.9"]
[White "Diaz Hollemaert, Nahuel"]
[Black "Carvalho, Guillermo"]
[Result "1-0"]
[WhiteElo "2439"]
[BlackElo "2171"]
[Annotator "TA"]
[PlyCount "57"]
[EventDate "2022.02.12"]
[EventCountry "URU"]
[SourceTitle "playchess.com"]
[Source "ChessBase"]
[SourceQuality "1"]

{[%evp 12,57,19,0,6,0,24,24,81,77,123,94,117,113,119,124,155,155,145,148,166,164,164,168,193,196,193,185,335,355,481,481,542,525,549,557,698,695,811,804,783,757,1283,1260,1537,1578,1293,953]} 1. Nf3 d5 2. g3 Nf6 3. Bg2 e6 4. O-O Be7 5. b3 c5 6. c4 Nc6 7. e3 dxc4 {A14: English Opening: 1...e6 with b3 by White.} 8. bxc4 e5 9. Bb2 e4 {[#]} (9... Bg4 $11 10. h3 Bxf3 11. Bxf3 Qd7) 10. Ng5 $1 $16 {[%cal Bf3g5,Bg5e4,Be4f2][%mdl 32]} Qd3 (10... Bg4 $142 11. Qb3 Be2) 11. Nc3 {[%cal Rc3e4]} Bf5 {[#]} 12. Qb3 $1 O-O {[#] Hoping for ...Na5.} 13. Ncxe4 $1 {[%mdl 512]} Qxb3 (13... Rfd8 14. Nxf6+) 14. axb3 Nxe4 15. Nxe4 ({Don't do} 15. Bxe4 Bxe4 16. Nxe4 Rad8 $16) 15... Rad8 16. Bc3 a6 17. f4 {[#]} h5 $146 ({Predecessor:} 17... Bg4 18. Nf2 Be2 19. Rfc1 Bd3 20. Nxd3 Rxd3 21. Bxc6 bxc6 22. Rxa6 Bf6 23. Ba5 Rxb3 24. Rxc6 {1-0 (37) Wulf von Moers,J (2181)-Linke,H (1535) Pinneberg 2015}) 18. Nf2 Bc8 19. Bd5 Rxd5 (19... Rfe8 $142 20. Nd3 Be6) 20. cxd5 $18 Nb4 21. e4 {White is clearly winning.} h4 22. Rfc1 hxg3 23. hxg3 {[%cal Bh2g3,Bg3f4][%mdl 32]} g5 24. Kg2 gxf4 25. gxf4 f6 26. Kf3 Kf7 27. Bxb4 cxb4 28. Rc7 Rd8 29. d6 {White took control after the opening.  Weighted Error Value: White=0.05 (flawless) /Black=0.44} 1-0

[Event "V Copa Marcel Duchamp 2022"]
[Site "Montevideo"]
[Date "2022.02.18"]
[Round "8.10"]
[White "Roselli Mailhe, Bernardo"]
[Black "Lavandeira, Juan Bautista"]
[Result "1-0"]
[WhiteElo "2426"]
[BlackElo "1516"]
[Annotator "TA"]
[PlyCount "63"]
[EventDate "2022.02.12"]
[EventCountry "URU"]
[SourceTitle "playchess.com"]
[Source "ChessBase"]
[SourceQuality "1"]

{[%evp 9,63,16,27,14,14,13,53,29,45,37,138,137,232,240,231,223,293,242,346,295,308,300,312,266,300,169,176,181,185,166,247,243,254,256,302,307,334,334,318,245,853,842,1702,1725,5543,5581,957,953,915,897,861,841,1589,5935,2587,2370]} 1. d4 d5 2. Bf4 e6 3. e3 Nf6 4. Nd2 c6 5. Bd3 Bd6 6. Bg3 {D00: 1 d4 d5: Unusual lines.} O-O 7. Ngf3 Re8 {[#]} 8. Qe2 $146 {White is slightly better.} ({Predecessor:} 8. Bxd6 Qxd6 9. Ne5 Nbd7 10. f4 Nf8 11. O-O b6 12. g4 c5 13. c3 Bb7 14. Qf3 {0-1 (45) Grabinsky,A (2359)-Rosenthal,N (2169) Chess.com INT 2018}) 8... b6 9. e4 {[%cal Be3e4,Be4e5][%mdl 32]} Bxg3 (9... Be7 $14) 10. hxg3 $16 h6 (10... dxe4 $16 11. Nxe4 Nxe4) 11. e5 $18 Nfd7 12. g4 Nf8 13. Qe3 {Black must now prevent g5.} f6 (13... Ba6 $142 14. c4 f6) 14. exf6 Qxf6 15. Ne5 {[#] Strongly threatening f4.} Nbd7 16. f4 ({Weaker is} 16. Nxc6 e5 17. f4 Qxc6 $15) 16... Nxe5 17. fxe5 (17. dxe5 $142 Qf7 18. O-O-O) 17... Qg5 18. Qxg5 hxg5 19. Nf3 {Threatens to win with Kd2.} c5 (19... a5 $142 20. Nxg5 Ba6 21. Bxa6 Rxa6) 20. c3 g6 21. Nxg5 Re7 22. Kd2 c4 23. Bc2 b5 24. Rh6 {Rah1 is the strong threat.} Kg7 $2 (24... Bd7 25. Rah1 Be8) 25. Rah1 {White is clearly winning.} Rb8 26. Nh7 {White threatens Nxf8 and mate.} Rf7 27. Nxf8 Kxf8 28. Rh8+ Ke7 29. Bxg6 Rg7 {[#]} 30. g5 $1 {Intending R1h7 and mate.} Kd7 (30... Ra8 31. Bc2) 31. R1h7 Rxh7 32. Bxh7 {Black did not feel at home in the position after the opening.  Weighted Error Value: White=0.18 (very precise) /Black=0.45} 1-0

[Event "V Copa Marcel Duchamp 2022"]
[Site "Montevideo"]
[Date "2022.02.18"]
[Round "8.11"]
[White "Vitoux, Colomban"]
[Black "Labollita, Martin"]
[Result "0-1"]
[WhiteElo "2372"]
[BlackElo "2388"]
[Annotator "TA"]
[PlyCount "58"]
[EventDate "2022.02.12"]
[EventCountry "URU"]
[SourceTitle "playchess.com"]
[Source "ChessBase"]
[SourceQuality "1"]

{[%evp 10,57,34,25,29,29,25,27,24,27,17,2,18,0,0,0,0,-5,0,-8,0,0,6,0,0,0,0,-142,-150,-208,-168,-193,-170,-182,-184,-158,-91,-29994,-29995,-29995,-29996,-29997,-29996,-29998,-29997,-29997,-29998,-29998,-29999,-29999]} 1. e4 c6 2. Nc3 d5 3. Nf3 dxe4 4. Nxe4 Nf6 5. Nxf6+ exf6 6. Bc4 Qe7+ {B11: Caro-Kann: Two Knights Variation.} 7. Be2 Qc7 8. O-O Bd6 {White has an edge.} 9. Re1 O-O 10. h3 {[#]} Re8 $146 ({Predecessor:} 10... c5 11. Bf1 Nc6 12. d4 Rd8 13. d5 Ne7 14. c4 b5 15. b3 Bf5 16. Bd2 a5 17. Nh4 Be5 18. Nxf5 Nxf5 {1-0 (58) Sharma,D (2350)-Barbosa,O (2585) Bandar Seri Begawan 2012}) 11. Bc4 Rxe1+ 12. Qxe1 Nd7 13. d3 {[%cal Oc1f4]} Nf8 14. Be3 Ng6 (14... b5 $5 15. Bb3 c5 $11) 15. a4 Bd7 {[%cal Bc8d7,Bd7h3,Bh3g2][%mdl 32]} 16. b4 Re8 17. Qc3 Qc8 {[%cal Od7h3] Threatens to win with ...Bxh3!} 18. Bc5 (18. Bxa7 $2 Bxh3 $1 19. gxh3 Qxh3 $19) (18. Re1 $11 {remains equal.}) 18... Nf4 $1 $17 {Strongly threatening ...Ne2+.} 19. Qb3 {[#]} (19. Bxf7+ $2 Kxf7 20. Re1 Rxe1+ 21. Qxe1 Bxc5 22. bxc5 Bxh3 $1 $19 {[%mdl 512]}) (19. d4 $17 {was worth a try.} Bxc5 20. dxc5) 19... Bxh3 $1 {[%cal Oc8g4][%mdl 512]} 20. Bxf7+ (20. gxh3 $2 {is a self mate.} Qxh3 $1 21. Bxf7+ Kh8 22. Bxe8 Qg2#) (20. Bxd6 Qg4) 20... Kh8 {[%cal Oc8g4] ( -> ...Qg4!)} 21. Bxd6 {[#]} Qg4 $40 {[%csl Gf4,Gh3][%cal Rg4g2][%mdl 640] Black has strong attack.} 22. Nh4 Nxg2 ({Black should play} 22... Ne2+ $1 23. Kf1 Nd4 $1 24. Bxe8 Nxb3 25. cxb3 Qxh4) 23. Qc4 $2 {[%mdl 8192] [#] Loses the game.} Nf4+ $1 {Black mates.} 24. Kh2 {[#]} Bg2 $1 {[%mdl 512]} 25. f3 (25. Ng6+ hxg6) 25... Qxh4+ 26. Kg1 Qh1+ 27. Kf2 Re2+ 28. Kg3 Qh3+ 29. Kxf4 g5# {Weighted Error Value: White=0.44/Black=0.07 (flawless)} 0-1

[Event "V Copa Marcel Duchamp 2022"]
[Site "Montevideo"]
[Date "2022.02.18"]
[Round "8.12"]
[White "Hoffman, Alejandro"]
[Black "Fernandez, Maria Florencia"]
[Result "1-0"]
[WhiteElo "2403"]
[BlackElo "2200"]
[Annotator "TA"]
[PlyCount "77"]
[EventDate "2022.02.12"]
[EventCountry "URU"]
[SourceTitle "playchess.com"]
[Source "ChessBase"]
[SourceQuality "1"]

{[%evp 12,76,36,18,58,63,57,62,56,60,62,55,68,67,66,54,76,75,71,40,68,41,36,31,37,34,64,70,68,71,73,75,61,67,68,80,67,72,103,86,133,133,152,116,220,253,245,249,349,325,323,319,306,283,601,566,931,947,1266,902,881,779,600,360,331,265,29999]} 1. d4 Nf6 2. c4 e6 3. g3 Bb4+ 4. Bd2 Qe7 5. Bg2 d5 6. Nf3 O-O 7. O-O Ne4 {E11: Bogo-Indian.} 8. Qc2 Nxd2 9. Nbxd2 c6 {White is slightly better.} 10. e4 Nd7 11. a3 Bxd2 12. Nxd2 {[%cal Bf3d2,Bd2e4,Be4c3][%mdl 32]} dxe4 13. Nxe4 Nf6 14. Rfe1 {[#]} h6 $146 ({Predecessor:} 14... Rb8 15. Rad1 Bd7 16. Nc5 b5 17. cxb5 Rxb5 18. Nxd7 Qxd7 19. Bxc6 Qc7 {½-½ (47) Safira,S (2120)-Sachdev,T (2206) Calicut 2003}) 15. Nc3 Qc7 16. b4 {White is much more active. Black has bad knights.} Rd8 17. Red1 {[%cal Be1d1,Bd1d5,Bd5c5][%mdl 32]} Bd7 18. Qb3 e5 19. d5 $1 cxd5 20. Nxd5 Nxd5 21. Rxd5 Bc6 22. Rc5 Qd6 23. Bxc6 bxc6 24. Qa4 Rac8 {Black is now going downhill.} 25. Qxa7 Qd4 ({Black should try} 25... e4) 26. Re1 $16 f6 27. Qa6 Qc3 {[#]} (27... Kh7 $16 {was called for.}) 28. Re3 $1 $18 Qc1+ 29. Kg2 Rc7 (29... Kh7 {was necessary.} 30. Rxc6 Ra8) 30. Rxc6 Rxc6 31. Qxc6 {[%mdl 4096] Endgame KQR-KQR} Rd1 32. h4 {[#] And now Qf3 would win.} Rh1 $2 (32... Rg1+ 33. Kh2 Qf1) 33. Qd5+ Kf8 34. Rd3 {White wants to mate with Qa8+.} Qg1+ 35. Kf3 {Hoping for Qa8+.} Rh2 36. Qa8+ Kf7 37. Qb7+ Kg6 38. Qe4+ Kh5 $2 (38... Kf7 $18 39. Qd5+ (39. Kg4 Rxh4+ 40. Kxh4 Qh2+ 41. Kg4 h5+ 42. Kf3 Qh1+ 43. Ke3 Qe1+ 44. Kf3 Qh1+ 45. Ke3 Qe1+ 46. Kf3 Qh1+ $11) 39... Kg6) 39. Qg4# {Weighted Error Value: White=0.16 (very precise) /Black=0.53} 1-0

[Event "V Copa Marcel Duchamp 2022"]
[Site "Montevideo"]
[Date "2022.02.18"]
[Round "8.13"]
[White "Castro, Cesar"]
[Black "Menna Barreto, Felipe Kubiaki"]
[Result "*"]
[WhiteElo "2097"]
[BlackElo "2351"]
[Annotator "RC"]
[PlyCount "125"]
[EventDate "2022.02.12"]
[EventCountry "URU"]
[SourceTitle "playchess.com"]
[Source "ChessBase"]
[SourceQuality "1"]
[TimeControl "5400+30"]

1. e4 {[%emt 0:00:02]} c5 {[%emt 0:00:06]} 2. Nf3 {[%emt 0:00:07]} Nc6 {[%emt 0:00:11]} 3. Nc3 {[%emt 0:00:12]} e5 {[%emt 0:02:16]} 4. Bc4 {[%emt 0:00:34]} g6 {[%emt 0:01:04]} 5. d3 {[%emt 0:01:07]} h6 {[%emt 0:00:08]} 6. Be3 {[%emt 0:01:13]} d6 {[%emt 0:00:16]} 7. h3 {[%emt 0:02:19]} Bg7 {[%emt 0:02:00]} 8. Nd5 {[%emt 0:02:18]} Nge7 {[%emt 0:00:37]} 9. Qd2 {[%emt 0:05:31]} f5 {[%emt 0:02:08]} 10. Qe2 {[%emt 0:07:00]} Nxd5 {[%emt 0:09:49]} 11. Bxd5 {[%emt 0:01:13]} Qf6 {[%emt 0:02:25]} 12. c3 {[%emt 0:08:01]} Ne7 {[%emt 0:11:32]} 13. Bb3 {[%emt 0:01:41]} f4 {[%emt 0:04:14]} 14. Bd2 {[%emt 0:00:12]} Be6 {[%emt 0:01:06]} 15. d4 {[%emt 0:05:26]} O-O {[%emt 0:01:56]} 16. dxe5 {[%emt 0:01:28]} dxe5 {[%emt 0:00:11]} 17. Qb5 {[%emt 0:03:14]} b6 {[%emt 0:04:19]} 18. O-O-O {[%emt 0:01:51]} Rfd8 {[%emt 0:03:19]} 19. Kb1 {[%emt 0:02:19]} Bxb3 {[%emt 0:08:25]} 20. Qxb3+ {[%emt 0:00:27]} Qf7 {[%emt 0:01:01]} 21. Qxf7+ {[%emt 0:00:41]} Kxf7 {[%emt 0:00:02]} 22. Bc1 {[%emt 0:00:20]} Ke6 {[%emt 0:01:49]} 23. Kc2 {[%emt 0:00:17]} c4 {[%emt 0:03:06]} 24. Rd2 {[%emt 0:02:39]} Rxd2+ {[%emt 0:04:38]} 25. Nxd2 {[%emt 0:00:18]} b5 {[%emt 0:01:26]} 26. a4 {[%emt 0:00:30]} a6 {[%emt 0:00:34]} 27. axb5 {[%emt 0:07:38]} axb5 {[%emt 0:00:03]} 28. Nb1 {[%emt 0:00:07]} Bf8 {[%emt 0:04:22]} 29. Rd1 {[%emt 0:04:44]} Nc6 {[%emt 0:01:04]} 30. Rd5 {[%emt 0:11:00]} Rb8 {[%emt 0:01:59]} 31. g3 {[%emt 0:04:47]} Bd6 {[%emt 0:01:31]} 32. Na3 {[%emt 0:01:02]} Bxa3 {[%emt 0:02:48]} 33. bxa3 {[%emt 0:00:01]} g5 {[%emt 0:03:27]} 34. Rc5 {[%emt 0:00:29]} Kd6 {[%emt 0:03:47]} 35. Rd5+ {[%emt 0:00:02]} Kc7 {[%emt 0:03:04]} 36. Rd1 {[%emt 0:07:30]} fxg3 {[%emt 0:01:04]} 37. fxg3 {[%emt 0:00:02]} Rf8 {[%emt 0:00:11]} 38. Re1 {[%emt 0:00:53]} Rf2+ {[%emt 0:00:22]} 39. Kd1 {[%emt 0:00:41]} Rh2 {[%emt 0:01:59]} 40. Be3 {[%emt 0:01:27]} Rxh3 {[%emt 0:00:37]} 41. Bf2 {[%emt 0:00:24]} h5 {[%emt 0:02:04]} 42. Ke2 {[%emt 0:00:58]} h4 {[%emt 0:00:47]} 43. Kf3 {[%emt 0:00:03]} hxg3 {[%emt 0:01:44]} 44. Bxg3 {[%emt 0:00:02]} Rh8 {[%emt 0:01:07]} 45. Kg4 {[%emt 0:00:09]} Rd8 {[%emt 0:01:27]} 46. Rb1 {[%emt 0:03:38]} Kb6 {[%emt 0:04:48]} 47. a4 {[%emt 0:00:13]} b4 {[%emt 0:00:19]} 48. cxb4 {[%emt 0:00:20]} c3 {[%emt 0:00:20]} 49. Rc1 {[%emt 0:01:03]} Rd3 {[%emt 0:03:23]} 50. b5 {[%emt 0:00:07]} Nb4 {[%emt 0:00:30]} 51. Bxe5 {[%emt 0:00:37]} c2 {[%emt 0:00:16]} 52. Kxg5 {[%emt 0:01:26]} Ka5 {[%emt 0:01:51]} 53. Ra1 {[%emt 0:00:57]} Na2 {[%emt 0:01:24]} 54. Bf4 {[%emt 0:00:46]} Nc3 {[%emt 0:00:31]} 55. e5 {[%emt 0:02:20]} Ne2 {[%emt 0:00:54]} 56. Rc1 {[%emt 0:02:40]} Nxc1 {[%emt 0:00:30]} 57. Bxc1 {[%emt 0:00:01]} Rd1 {[%emt 0:00:12]} 58. Be3 {[%emt 0:00:26]} Re1 {[%emt 0:00:51]} 59. Bd2+ {[%emt 0:00:29]} Kxa4 {[%emt 0:00:02]} 60. Kf6 {[%emt 0:00:13]} Kxb5 {[%emt 0:00:35]} 61. e6 {[%emt 0:01:20]} Kc6 {[%emt 0:00:12]} 62. Bf4 {[%emt 0:00:02]} Rf1 {[%emt 0:00:21]} 63. e7 {[%emt 0:00:05]} *

[Event "V Copa Marcel Duchamp 2022"]
[Site "Montevideo"]
[Date "2022.02.18"]
[Round "8.14"]
[White "Brizzi, Milagros Tatiana"]
[Black "Carbone, Diego"]
[Result "0-1"]
[WhiteElo "2063"]
[BlackElo "2272"]
[Annotator "TA"]
[PlyCount "78"]
[EventDate "2022.02.12"]
[EventCountry "URU"]
[SourceTitle "playchess.com"]
[Source "ChessBase"]
[SourceQuality "1"]

{[%evp 18,78,-6,-16,-6,-65,-59,-62,-50,-46,-41,-39,-43,-33,-40,-41,0,0,33,41,36,27,31,45,21,40,37,0,0,-62,0,-75,-132,-249,-248,-248,-239,-156,-85,-308,-308,-636,-635,-795,-466,-581,-559,-725,-682,-824,-819,-829,-820,-1296,-1245,-1313,-1296,-29975,-29976,-29982,-29983,-29979,-29979]} 1. e4 e5 2. Nf3 Nc6 3. d4 exd4 4. Nxd4 Nf6 5. Nxc6 bxc6 6. e5 Qe7 7. Qe2 Nd5 8. c4 Ba6 9. Nd2 O-O-O 10. Qe4 Nb6 {C45: Scotch Game.} 11. c5 (11. f4 $11) 11... Bxf1 $15 12. cxb6 Bb5 {Black is slightly better.} 13. bxa7 {[%cal Ra7a8]} Kb7 {[#]} 14. a4 $146 ({Predecessor:} 14. Nb3 d5 15. Qe3 d4 16. Qe4 Rd5 17. f4 Qd7 18. Bd2 Be7 19. a4 Ba6 20. Kf2 Kxa7 {0-1 (34) Furmston,M-Mardle,D England 1977}) 14... Ba6 {[%mdl 1024] Black has compensation.} 15. b4 d5 16. Qe3 (16. exd6 Rxd6 17. Qxe7 (17. b5 $2 Re6 $19) 17... Bxe7 $17) 16... d4 (16... Ka8 $15 {is superior.} 17. Ba3 d4) 17. Qe4 $11 {aiming for b5.} Rd5 {Inhibits b5.} (17... Ka8 $5 {[%cal Rd8d5]}) 18. f4 {[%cal Ob4b5] Strongly threatening b5!} (18. b5 $2 Rxe5 $1 19. f3 (19. bxa6+ $2 Kxa7 20. O-O Rxe4 $19) 19... f5 $1 20. bxa6+ Kxa7 $19) 18... Kxa7 19. b5 Bb7 20. bxc6 Bxc6 21. O-O Qd7 22. Nb3 {Inhibits Rc5.} Bb4 23. Bb2 (23. Qc2 $11) 23... Rd8 ({Black should play} 23... Bb7 $1 $15 24. Ba3 (24. Nxd4 $2 Bc5 $19) (24. Bxd4+ Rxd4 25. Qxd4+ Qxd4+ 26. Nxd4 Bc5 $17) 24... Bxa3 25. Rxa3 c5) 24. Rfd1 {[#]} (24. Qxh7 d3 25. Qe4 Be7 $17) (24. Rac1 $11 Ba8 25. Bxd4+ (25. Qxh7 $2 d3 $19) 25... Rxd4 26. Qxd4+ Qxd4+ 27. Nxd4 Rxd4 28. Rxc7+ Kb6 29. Rxf7) 24... Bb7 $1 $17 25. Rxd4 ({Don't go for} 25. Nxd4 $2 Bc5 26. Rac1 Bxd4+) (25. Ba3 $17 Bxa3 26. Rxa3) 25... c5 $19 {[%cal Rd5d4]} 26. Rxd5 Bxd5 27. Qc2 {[#]} Qg4 (27... Be6 $142 $1 28. Rf1 (28. Nxc5 $2 Qc6 $19) 28... Qd5) 28. Rf1 $2 {Now White is beyond hope.} (28. Ba3 $17 {was the only defense.} Bxa3 29. Rxa3) 28... Bb7 {[%cal Od8d2] A strong pair of Bishops.} 29. Qf2 {Prevents Rd2.} (29. h3 Qg3 30. Rf2) 29... Rd3 30. h3 Qg6 {...Rg3 is the strong threat.} 31. f5 Qc6 32. e6 fxe6 ({Worse is} 32... Rxb3 33. exf7 Rxb2 34. Qxb2 $11) 33. fxe6 Rxb3 34. e7 {[#]} Re3 $3 {[%mdl 512]} 35. Bxg7 (35. Bc1 Rxe7) 35... Rxe7 36. Bf8 Re5 {( -> ...Rg5)} 37. Rc1 {[#]} Rf5 $1 {[%mdl 512] Black mates.} 38. Bxc5+ (38. Qg3 Rxf8) 38... Bxc5 39. Rxc5 Qxc5 {Weighted Error Value: White=0.91/Black=0.17 (very precise)} 0-1

[Event "V Copa Marcel Duchamp 2022"]
[Site "Montevideo"]
[Date "2022.02.18"]
[Round "8.15"]
[White "Michailov, Matias"]
[Black "Dotta, Gian Franco"]
[Result "1/2-1/2"]
[WhiteElo "2248"]
[BlackElo "1991"]
[Annotator "TA"]
[PlyCount "87"]
[EventDate "2022.02.12"]
[EventCountry "URU"]
[SourceTitle "playchess.com"]
[Source "ChessBase"]
[SourceQuality "1"]

{[%evp 23,87,0,0,-6,0,0,0,0,0,0,0,0,9,-7,0,-13,0,0,0,0,0,-17,-23,-22,-18,-30,-20,-90,-89,-104,-57,-72,-33,-39,-37,-55,-39,-42,-33,-174,-179,-200,-196,-194,-171,-173,-190,-181,-184,-173,-146,-370,-346,-453,-60,-76,0,-40,-40,-40,-40,-40,-40,-52,-52,-47]} 1. d4 Nf6 2. c4 e6 3. Nf3 d5 4. Nc3 Be7 5. Bg5 O-O 6. e3 c6 7. cxd5 exd5 8. Bd3 Nbd7 {[%cal Bb8d7,Bd7f6,Bf6h7][%mdl 32]} 9. O-O Ne4 10. Bxe7 Qxe7 11. Qc2 Ndf6 $1 {[%mdl 4] is now more promising than 11...f5.} 12. Rab1 Bf5 13. Na4 {[#] D35: Queen's Gambit Declined: Exchange Variation.} h6 $146 ({Predecessor:} 13... g6 14. b4 a6 15. Ne5 Rfe8 16. Rfe1 Nd6 17. Bxf5 Nxf5 18. Nc5 Nd6 19. a4 Nh5 20. a5 Ng7 {0-1 (78) Gordon,S (2556)-Smeets,J (2613) Germany 2013}) 14. Ne5 {Hoping for f3.} Bh7 15. Rfc1 {The position is equal.} Nd6 16. Bxh7+ Nxh7 17. Nc5 Nf6 18. f3 Rac8 19. b4 b6 20. Ncd3 Nd7 21. Nxd7 Qxd7 22. Qf2 Nc4 23. Re1 Ra8 24. a4 Rfe8 25. Nf4 (25. Nb2 $11 {remains equal.}) 25... Qf5 $17 {[%cal Oe8e3]} 26. Rb3 Re7 (26... a5 $1 $17 27. g4 Qf6) 27. g4 Qf6 28. Nh5 Qg6 29. Ng3 {To avoid f5} Re6 30. b5 cxb5 31. Rxb5 (31. axb5 $15 Rae8 32. h3) 31... Qd3 $1 $19 {[%cal Rc4e3]} 32. e4 {[#]} dxe4 33. fxe4 Nd6 {Inhibits Rf5.} 34. Rd5 Nxe4 35. Qf5 {[#] Threatens to win with Rd7.} g6 $1 36. Qf1 Qc2 {aiming for ...Nd2.} 37. Rd7 $2 {[#]} (37. Qg2 $17 Qxg2+ 38. Kxg2 Nxg3 39. Rde5) 37... Rf8 $1 38. Qg2 Qxg2+ ({Wrong is} 38... Qxa4 $2 39. Nxe4 Qxd7 40. d5 Rxe4 41. Qxe4 $19) (38... Nd2 $19 {and Black stays clearly on top.} 39. Ra1 Qc3) 39. Kxg2 $17 Rfe8 ({Black should try} 39... Nf6 $17 40. Rxe6 fxe6 41. Rxa7 Nxg4) 40. Rxa7 Nxg3 {Black is slightly better.} 41. Rxe6 Rxe6 {[%cal Be8e6,Be6d6,Bd6d4][%mdl 32]} 42. Kxg3 Rd6 43. Rb7 {[%cal Od4d5]} Rxd4 44. Rxb6 {White happily takes the draw.  Weighted Error Value: White=0.29 (precise) /Black=0.32} 1/2-1/2